[Event "HUN-ch"]
[Site "Budapest"]
[Date "1995.??.??"]
[Round "2"]
[White "Petran, Pal"]
[Black "Adorjan, Andras"]
[Result "0-1"]
[WhiteElo "2470"]
[BlackElo "2530"]
[Annotator "Ftacnik,L"]
[PlyCount "46"]
[EventDate "1995.01.??"]
[EventType "tourn"]
[EventRounds "11"]
[EventCountry "HUN"]
[EventCategory "10"]
[Source "ChessBase"]
[SourceDate "1995.06.01"]
[WhiteTeamCountry "RUS"]
[BlackTeamCountry "HUN"]

1. Nf3 c5 2. c4 Nf6 3. Nc3 e6 4. e3 g6 5. d4 Bg7 6. Bd3 O-O 7. O-O cxd4 8. exd4
d5 9. Qe2 Nc6 10. Rd1 Nb4 11. b3 b6 12. Ba3 a5 13. Nb5 $6 (13. cxd5 Nfxd5 14.
Nxd5 exd5 $13) 13... Ba6 $1 14. Rac1 Bh6 15. Bxb4 axb4 16. Rc2 dxc4 $1 17. bxc4
(17. Bxc4 Nd5 $17) 17... Bxb5 18. cxb5 Nd5 19. Be4 (19. Qe1 Nc3 20. Ra1 Bg7 $17
) 19... Nc3 20. Rxc3 bxc3 21. Bxa8 Qxa8 22. Qc2 Qa3 23. Ne5 Ra8 (23... Ra8 24.
Ra1 (24. Nc4 Qa4 (24... Qxa2 25. Qxc3 Rc8 26. Qh3 Qxc4 27. Qxh6 Qxb5 $17) 25.
Qxa4 Rxa4 26. Ne3 Rxa2 $19) 24... Qb2) 0-1

[Event "HUN-ch"]
[Site "Budapest"]
[Date "1995.??.??"]
[Round "3"]
[White "Adorjan, Andras"]
[Black "Groszpeter, Attila"]
[Result "1-0"]
[WhiteElo "2530"]
[BlackElo "2520"]
[PlyCount "101"]
[EventDate "1995.01.??"]
[EventType "tourn"]
[EventRounds "11"]
[EventCountry "HUN"]
[EventCategory "10"]
[Source "ChessBase"]
[SourceDate "1995.06.01"]
[WhiteTeamCountry "RUS"]
[BlackTeamCountry "HUN"]

1. Nf3 Nf6 2. c4 g6 3. Nc3 Bg7 4. g3 O-O 5. Bg2 d6 6. O-O Nbd7 7. d4 e5 8. h3
c6 9. dxe5 Nxe5 10. Nxe5 dxe5 11. Qxd8 Rxd8 12. Be3 Be6 13. b3 Nd7 14. Ne4 f5
15. Nd6 f4 16. gxf4 exf4 17. Bxf4 Rf8 18. Bg3 Bxa1 19. Rxa1 Rab8 20. Ne4 Rbe8
21. Nd6 Rb8 22. e3 Nc5 23. Bh4 a5 24. Rd1 Ra8 25. Be7 Rfb8 26. f4 Ra7 27. Bf6
b6 28. Kh2 Nd7 29. Bc3 Rc7 30. Ne4 Re8 31. Be5 Ra7 32. Rd6 Bf5 33. Nf6+ Nxf6
34. Rxf6 Bd7 35. Bxc6 Bxc6 36. Rxc6 Rb7 37. Kg3 Rd8 38. Bd4 b5 39. c5 a4 40.
bxa4 bxa4 41. Ra6 Rb4 42. Ra7 Rc8 43. Rg7+ Kf8 44. Rxh7 Rc6 45. Ra7 Ke8 46. Kg4
Rc4 47. h4 Re6 48. a3 Re7 49. Ra6 Rb7 50. Rxg6 Rb3 51. h5 1-0

[Event "HUN-ch"]
[Site "Budapest"]
[Date "1995.??.??"]
[Round "4"]
[White "Horvath, Csaba"]
[Black "Adorjan, Andras"]
[Result "1-0"]
[WhiteElo "2540"]
[BlackElo "2530"]
[Annotator "Boensch,U"]
[PlyCount "57"]
[EventDate "1995.01.??"]
[EventType "tourn"]
[EventRounds "11"]
[EventCountry "HUN"]
[EventCategory "10"]
[Source "ChessBase"]
[SourceDate "1995.06.01"]
[WhiteTeamCountry "RUS"]
[BlackTeamCountry "HUN"]

1. e4 {Ftacnik} c5 2. Nf3 Nc6 3. d4 cxd4 4. Nxd4 Qb6 5. Nb3 Nf6 6. Nc3 e6 7.
Bd3 d6 8. Be3 Qc7 9. f4 a6 10. Qf3 b5 (10... Be7 11. g4 b5 12. g5 Nd7 13. O-O-O
Nb6 (13... Bb7 14. Qh3 Nb4 15. Kb1 g6 16. Rhf1 O-O-O 17. f5 gxf5 18. exf5 e5
19. f6 Bf8 20. Bf5 d5 21. a3 d4 22. Nxd4 exd4 23. Rxd4 Nxc2 24. Kxc2 {
1-0 Grosar,A-Gostisa,L/Maribor (03) 1990}) 14. Kb1 Rb8 15. h4 Nc4 16. Bc1 O-O
17. h5 Bd7 18. Qg3 Rfc8 19. f5 N6e5 20. f6 $40 {
Tolnai,T-Vragoteris,A Katerini op 1992 1-0 28}) 11. g4 {Weiß entscheidet sich
praktisch für die lange Rochade. Nach 11.0-0 entstehen etwas ruhigere
Stellungsbilder, die aber auch nicht ungefährlich sind.} (11. O-O-O Bb7 12. Kb1
Na5 13. Nxa5 Qxa5 14. g4 O-O-O 15. g5 Nd7 16. a3 Kb8 17. Qf2 Be7 18. Bd4 e5 19.
fxe5 dxe5 20. Ba7+ Ka8 21. Nd5 Bxd5 22. exd5 $16 {
King,D-Wirthensohn,H Bern 1988 1-0 36}) (11. O-O Bb7 12. a3 Be7 13. Qh3 Rc8 14.
Nd1 e5 15. f5 d5 16. exd5 Nxd5 17. c4 bxc4 18. Bxc4 Nf6 19. Rc1 O-O 20. Nf2 e4
$10 {Stefansson,H-Anastasian,A Debrecen EU-chT (2) ARM-ISD 1992 1/2 59}) 11...
h6 {Ein bekantes Motiv aus dem Keresangriff. Der Ph6 verhindert vorläufig g5,
da derAbtausch auf g5 das schöne N-Feld e5 freigibt, aber Schwarz kann kaum
noch kurz rochieren.} 12. O-O-O (12. h4 $6 {Ftacnik} h5 $1) 12... Rb8 {
Ein anderer Plan ist Bb7 und 0-0-0.} 13. Kb1 b4 14. Ne2 (14. Na4 $5 {Ftacnik}
Bd7 15. e5 dxe5 16. Nac5 $13) 14... e5 15. h3 (15. g5 hxg5 (15... Ng4 $1 {
Ftacnik} 16. Bg1 exf4 17. Qxf4 hxg5 18. Qxg5 Be7 19. Qf4 $13) (15... exf4 16.
gxf6 fxe3 17. Nf4 $40) 16. fxg5 Rh3 (16... Nh5 17. g6 $5 fxg6 18. Rhg1 Qf7 19.
Qxf7+ Kxf7 20. Bc4+ Be6 21. Bxe6+ Kxe6 22. Rxg6+ Kf7 23. Rg2 $14) 17. Qg2 Rxe3
18. gxf6 $13) (15. f5 $5 {Ftacnik} Be7 16. Ng3) 15... a5 16. Ng3 a4 17. Nd2 b3
$2 {Schwarz übertreibt das Risiko, für einen direkten Königsangriff ist er zu
schlecht entwickelt.} (17... exf4 18. Qxf4 Ne5 $13 (18... Be6 {Ftacnik} 19. Bc4
Bxc4 (19... Ne5 20. Bxe6 fxe6 $132) 20. Nxc4 Ne5 21. Nxe5 dxe5 22. Qf3 a3 23.
Bc1 $1 $14)) 18. cxb3 (18. axb3 $6 {Ftacnik} a3 $1) 18... Nb4 (18... axb3 19.
Nxb3 $16) 19. Rc1 $1 Qa5 20. Nc4 Qa8 $6 (20... Qa6 $142 21. Rhd1 $16 (21. Be2 {
Ftacnik} axb3 22. a3 Nc2) (21. Nxd6+ $1 Qxd6 22. Bb5+ $1 (22. Rxc8+ Rxc8 23.
Bb5+ Nc6 $13) 22... Bd7 (22... Rxb5 23. Rxc8+ Kd7 24. Rc3 {/\ Rd1, fe5->}) (
22... Nd7 23. Rhd1 Qe6 24. Rxc8+) 23. fxe5 $1 Qxe5 24. Bxd7+ Nxd7 25. Bf4 $16))
21. Nb6 Rxb6 22. Bxb6 exf4 (22... axb3 {Ftacnik} 23. Bb5+ Bd7 24. Bxd7+ Nxd7
25. Qxb3 $18) (22... Nxd3 {Ftacnik} 23. Qxd3 exf4 24. Nf5 $18) 23. Rxc8+ $1 $18
Qxc8 24. Bb5+ Nd7 25. Rc1 Qb8 (25... Qb7 26. Nf5 g6 27. Rc7 $18) 26. Nf5 g6 (
26... Qxb6 {Ftacnik} 27. Rc8+) 27. Rc7 Qxb6 28. Rc8+ Qd8 29. Qc3 (29. Qc3 gxf5
30. Rxd8+ Kxd8 31. Qxh8 $18) 1-0

[Event "HUN-ch"]
[Site "Budapest"]
[Date "1995.??.??"]
[Round "7"]
[White "Adorjan, Andras"]
[Black "Horvath, Jozsef"]
[Result "1/2-1/2"]
[WhiteElo "2530"]
[BlackElo "2520"]
[PlyCount "64"]
[EventDate "1995.01.??"]
[EventType "tourn"]
[EventRounds "11"]
[EventCountry "HUN"]
[EventCategory "10"]
[Source "ChessBase"]
[SourceDate "1995.06.01"]
[WhiteTeamCountry "RUS"]
[BlackTeamCountry "HUN"]

1. e4 c5 2. Nf3 e6 3. c4 Nc6 4. Nc3 Nf6 5. Be2 d5 6. exd5 exd5 7. d4 Be6 8. O-O
dxc4 9. Be3 cxd4 10. Nxd4 Nxd4 11. Bxd4 Be7 12. Qa4+ Kf8 13. Bxf6 gxf6 14. Bxc4
Qd4 15. Bxe6 Qxa4 16. Nxa4 fxe6 17. Rac1 b5 18. Nc5 Kf7 19. Na6 Rac8 20. g3
Rhd8 21. a3 Rc4 22. b3 Rxc1 23. Rxc1 Bxa3 24. Rc7+ Kg6 25. Rxa7 Rd3 26. Nc7 Bc5
27. Ra6 e5 28. Rc6 Be7 29. Nxb5 Rxb3 30. Nc3 Rb7 31. Nd5 Rd7 32. Nxe7+ Rxe7
1/2-1/2

[Event "HUN-ch"]
[Site "Budapest"]
[Date "1995.??.??"]
[Round "8"]
[White "Gyimesi, Zoltan"]
[Black "Adorjan, Andras"]
[Result "0-1"]
[WhiteElo "2430"]
[BlackElo "2530"]
[PlyCount "94"]
[EventDate "1995.01.??"]
[EventType "tourn"]
[EventRounds "11"]
[EventCountry "HUN"]
[EventCategory "10"]
[Source "ChessBase"]
[SourceDate "1995.06.01"]
[WhiteTeamCountry "RUS"]
[BlackTeamCountry "HUN"]

1. d4 Nf6 2. c4 e6 3. Nf3 b6 4. g3 Ba6 5. b3 Bb4+ 6. Bd2 Be7 7. Bg2 d5 8. Bc3
Ne4 9. Bb2 Nd7 10. O-O O-O 11. Nc3 Nxc3 12. Bxc3 dxc4 13. Nd2 cxb3 14. axb3 Bb5
15. Bxa8 Qxa8 16. Re1 Rd8 17. Ra2 a5 18. e4 Nf6 19. f3 h5 20. Kg2 h4 21. Nc4
Qc6 22. Rc2 Bxc4 23. bxc4 Qxc4 24. Bxa5 Qb5 25. Bc3 Nh5 26. f4 Nf6 27. Qe2 Qa4
28. d5 exd5 29. Bxf6 Bxf6 30. e5 d4 31. exf6 d3 32. Ra2 Qc6+ 33. Qf3 h3+ 34.
Kf2 Qc5+ 35. Re3 d2 36. Ra1 Qc1 37. Rd3 Re8 38. Qd1 Qc5+ 39. Kf1 Re1+ 40. Qxe1
dxe1=Q+ 41. Rxe1 Qc6 42. Rd8+ Kh7 43. Re5 Qh1+ 44. Kf2 Qxh2+ 45. Kf3 Qg2+ 46.
Kg4 h2 47. fxg7 Kxg7 0-1

[Event "HUN-ch"]
[Site "Budapest"]
[Date "1995.??.??"]
[Round "9"]
[White "Adorjan, Andras"]
[Black "Horvath, Gyula"]
[Result "1/2-1/2"]
[WhiteElo "2530"]
[BlackElo "2455"]
[PlyCount "77"]
[EventDate "1995.01.??"]
[EventType "tourn"]
[EventRounds "11"]
[EventCountry "HUN"]
[EventCategory "10"]
[Source "ChessBase"]
[SourceDate "1995.06.01"]
[WhiteTeamCountry "RUS"]
[BlackTeamCountry "HUN"]

1. Nf3 Nf6 2. d4 e6 3. g3 c5 4. Bg2 d5 5. O-O Nc6 6. c4 dxc4 7. dxc5 Qxd1 8.
Rxd1 Bxc5 9. Nbd2 O-O 10. Nxc4 Ng4 11. e3 Rb8 12. Bd2 b6 13. Rac1 Ba6 14. a3
Rbc8 15. Be1 Rfd8 16. Rxd8+ Nxd8 17. Bf1 Be7 18. Bd2 Nf6 19. Nd4 Ne4 20. Bb4
Bxb4 21. axb4 Bxc4 22. Rxc4 Rxc4 23. Bxc4 Nd6 24. Be2 e5 25. Nb5 Nxb5 26. Bxb5
Nb7 27. g4 Nd6 28. Bc6 g5 29. h4 h6 30. hxg5 hxg5 31. Kf1 Kg7 32. Kg2 Kf8 33.
b3 Ke7 34. Bd5 f6 35. f4 Kd7 36. Kf3 Kc7 37. Kg3 Kd7 38. Kf3 Kc7 39. Kg3
1/2-1/2

[Event "HUN-ch"]
[Site "Budapest"]
[Date "1995.??.??"]
[Round "10"]
[White "Tolnai, Tibor"]
[Black "Adorjan, Andras"]
[Result "1-0"]
[WhiteElo "2470"]
[BlackElo "2530"]
[PlyCount "67"]
[EventDate "1995.01.??"]
[EventType "tourn"]
[EventRounds "11"]
[EventCountry "HUN"]
[EventCategory "10"]
[Source "ChessBase"]
[SourceDate "1995.06.01"]
[WhiteTeamCountry "RUS"]
[BlackTeamCountry "HUN"]

1. d4 Nf6 2. Bg5 c5 3. Bxf6 gxf6 4. d5 d6 5. e3 Bg7 6. c4 b5 7. cxb5 a6 8. Nc3
f5 9. Bd3 Qa5 10. Nge2 Nd7 11. bxa6 Rb8 12. Qc2 e6 13. O-O Ne5 14. a7 Rb4 15.
a3 Rh4 16. Bb5+ Ke7 17. h3 Qxa7 18. f4 Nd7 19. Rad1 Rg8 20. Rf3 Bf6 21. Kh2 Rh6
22. Bc4 Nb6 23. dxe6 fxe6 24. Nb5 Qa8 25. Nxd6 Bd7 26. Nxf5+ exf5 27. Bxg8 Qc8
28. Bd5 c4 29. Ng3 Rg6 30. e4 Rxg3 31. Rxg3 Ba4 32. Qe2 c3 33. bxc3 Qc5 34. Qh5
1-0

[Event "Chania op 5th"]
[Site "Chania"]
[Date "1995.??.??"]
[Round "1"]
[White "Adorjan, Andras"]
[Black "Mastrokoukos, Georgios"]
[Result "0-1"]
[WhiteElo "2530"]
[BlackElo "2420"]
[PlyCount "78"]
[EventDate "1995.08.??"]
[EventType "swiss"]
[EventRounds "9"]
[EventCountry "GRE"]
[Source "ChessBase"]
[SourceDate "1996.11.15"]
[WhiteTeamCountry "RUS"]
[BlackTeamCountry "HUN"]

1. e4 e5 2. Nf3 Nc6 3. d4 exd4 4. Nxd4 Qh4 5. Nxc6 Qxe4+ 6. Be2 Qxc6 7. O-O Bc5
8. Nc3 Ne7 9. Bf4 O-O 10. Re1 d5 11. Bf3 Be6 12. Qd2 Bd6 13. Rad1 Bxf4 14. Qxf4
Rad8 15. Qg3 Qb6 16. b3 c6 17. Re5 Ng6 18. Rh5 Rde8 19. Ne2 Bc8 20. Nf4 Qa5 21.
h3 Re1+ 22. Rxe1 Qxe1+ 23. Kh2 Nxf4 24. Qxf4 Qxf2 25. Re5 Qxc2 26. Re7 Qxa2 27.
Bg4 Bxg4 28. Qxg4 Qxb3 29. Qd7 g6 30. Qxb7 Qxb7 31. Rxb7 Ra8 32. Rc7 a5 33.
Rxc6 a4 34. Rc1 a3 35. Kg3 a2 36. Ra1 Ra3+ 37. Kf2 g5 38. Ke2 h5 39. Kd2 Rg3
0-1

[Event "Chania op 5th"]
[Site "Chania"]
[Date "1995.??.??"]
[Round "1"]
[White "Adorjan, Andras"]
[Black "Tzermiadianos, Andreas"]
[Result "0-1"]
[WhiteElo "2530"]
[BlackElo "2400"]
[PlyCount "52"]
[EventDate "1995.08.??"]
[EventType "swiss"]
[EventRounds "9"]
[EventCountry "GRE"]
[Source "ChessBase"]
[SourceDate "1996.11.15"]
[WhiteTeamCountry "RUS"]
[BlackTeamCountry "HUN"]

1. e4 c5 2. Nf3 Nc6 3. d4 cxd4 4. Nxd4 Nf6 5. Nc3 e5 6. Nb3 Bb4 7. Bd2 Bxc3 8.
Bxc3 Nxe4 9. Qf3 Nxc3 10. Bc4 d5 11. Qxc3 dxc4 12. Qxc4 O-O 13. O-O Be6 14. Qe2
Qc7 15. Nc5 Nd4 16. Qh5 Qxc5 17. f4 g6 18. Qd1 Nxc2+ 19. Kh1 Nxa1 20. Qxa1 exf4
21. Rxf4 Rac8 22. Rf1 Bd5 23. Qe1 Qd4 24. Qg3 Rc2 25. Rf4 Qd1+ 26. Rf1 Qxf1#
0-1

[Event "Aegina op"]
[Site "Aegina"]
[Date "1996.??.??"]
[Round "8"]
[White "Falkos, Anestis"]
[Black "Adorjan, Andras"]
[Result "1-0"]
[WhiteElo "2045"]
[BlackElo "2525"]
[PlyCount "45"]
[EventDate "1996.??.??"]
[EventType "swiss"]
[EventRounds "9"]
[EventCountry "GRE"]
[Source "ChessBase"]
[SourceDate "1996.11.15"]
[WhiteTeamCountry "RUS"]
[BlackTeamCountry "HUN"]

1. Nf3 Nf6 2. g3 d6 3. Bg2 g6 4. O-O Bg7 5. d3 O-O 6. e4 c5 7. h3 Nc6 8. c3 e6
9. Bg5 h6 10. Be3 Nd7 11. Nbd2 d5 12. d4 dxe4 13. Nxe4 cxd4 14. Nxd4 Nxd4 15.
Bxd4 Bxd4 16. Qxd4 e5 17. Qd6 Qb6 18. Qe7 Qxb2 19. Rad1 Nb6 20. Qxe5 Nc4 21.
Nf6+ Kg7 22. Ne8+ Kg8 23. Qg7# 1-0

[Event "Budapest-ch rap"]
[Site "Budapest"]
[Date "1996.??.??"]
[Round "?"]
[White "Adorjan, Andras"]
[Black "Balogh, Viktor"]
[Result "0-1"]
[WhiteElo "2415"]
[BlackElo "2525"]
[PlyCount "54"]
[EventDate "1996.??.??"]
[EventType "swiss"]
[EventRounds "7"]
[EventCountry "HUN"]
[Source "ChessBase"]
[SourceDate "2005.11.24"]
[WhiteTeamCountry "RUS"]
[BlackTeamCountry "HUN"]

1. e4 c5 2. Nf3 d6 3. d4 Nf6 4. Nc3 cxd4 5. Nxd4 a6 6. Be2 e6 7. O-O Be7 8. f4
O-O 9. Qe1 Qc7 10. Qg3 b5 11. a3 Bb7 12. f5 e5 13. Bh6 Ne8 14. Bxg7 Nxg7 15. f6
Bxf6 16. Nf5 Kh8 17. Nh6 Qe7 18. Rf2 Bh4 19. Nxf7+ Rxf7 20. Rxf7 Qxf7 21. Qxh4
Nc6 22. Nd5 Nd4 23. Bd3 Bxd5 24. exd5 Nh5 25. c3 Nf3+ 26. gxf3 Qxf3 27. Bxh7
Kxh7 0-1

[Event "Budapest-ch rap"]
[Site "Budapest"]
[Date "1996.??.??"]
[Round "?"]
[White "Adorjan, Andras"]
[Black "Borocz, Istvan"]
[Result "0-1"]
[WhiteElo "2415"]
[BlackElo "2325"]
[PlyCount "59"]
[EventDate "1996.??.??"]
[EventType "swiss"]
[EventRounds "7"]
[EventCountry "HUN"]
[Source "ChessBase"]
[SourceDate "2005.11.24"]
[WhiteTeamCountry "RUS"]
[BlackTeamCountry "HUN"]

1. e4 c5 2. Nf3 e6 3. d4 cxd4 4. Nxd4 Nf6 5. Nc3 Nc6 6. Ndb5 d6 7. Bf4 e5 8.
Bg5 a6 9. Na3 b5 10. Bxf6 gxf6 11. Nd5 f5 12. c3 Bg7 13. exf5 Bxf5 14. Nc2 O-O
15. Nce3 Bd7 16. Bd3 f5 17. Qh5 e4 18. Bc2 Ne5 19. O-O Kh8 20. Rad1 Ra7 21. f3
exf3 22. gxf3 Be8 23. Qh3 Qg5+ 24. Kh1 Qh5 25. Bxf5 Qxh3 26. Bxh3 Nxf3 27. Bg4
Ne5 28. Be6 Bh5 29. Rxf8+ Bxf8 30. Rf1 0-1

[Event "Budapest-ch rap"]
[Site "Budapest"]
[Date "1996.??.??"]
[Round "?"]
[White "Adorjan, Andras"]
[Black "Czebe, Attila"]
[Result "1-0"]
[WhiteElo "2415"]
[BlackElo "2220"]
[PlyCount "51"]
[EventDate "1996.??.??"]
[EventType "swiss"]
[EventRounds "7"]
[EventCountry "HUN"]
[Source "ChessBase"]
[SourceDate "2005.11.24"]
[WhiteTeamCountry "RUS"]
[BlackTeamCountry "HUN"]

1. e4 d6 2. d4 g6 3. Nc3 Bg7 4. f4 Nf6 5. Nf3 O-O 6. Bd3 Bg4 7. h3 Bxf3 8. Qxf3
e5 9. dxe5 dxe5 10. f5 Nc6 11. g4 Nd7 12. Be3 Nd4 13. Qf2 Nc5 14. O-O-O c6 15.
g5 Re8 16. h4 b5 17. f6 Bf8 18. h5 Nxd3+ 19. Rxd3 b4 20. Ne2 Qa5 21. Kb1 Nxc2
22. hxg6 Na3+ 23. bxa3 bxa3 24. gxf7+ Kh8 25. Rxh7+ Kxh7 26. Qh4+ 1-0

[Event "Budapest-ch rap"]
[Site "Budapest"]
[Date "1996.??.??"]
[Round "?"]
[White "Adorjan, Andras"]
[Black "Francsics, Endre"]
[Result "1-0"]
[WhiteElo "2415"]
[BlackElo "2540"]
[PlyCount "60"]
[EventDate "1996.??.??"]
[EventType "swiss"]
[EventRounds "7"]
[EventCountry "HUN"]
[Source "ChessBase"]
[SourceDate "2005.11.24"]
[WhiteTeamCountry "RUS"]
[BlackTeamCountry "HUN"]

1. e4 Nf6 2. e5 Nd5 3. d4 d6 4. Nf3 Nb6 5. a4 a5 6. Bb5+ c6 7. Bd3 Bg4 8. h3
Bxf3 9. Qxf3 dxe5 10. dxe5 e6 11. Qg3 N8d7 12. O-O g6 13. Nd2 Bg7 14. Nf3 Qc7
15. Re1 Nc5 16. Be2 Nd5 17. Qh4 h6 18. b3 g5 19. Qc4 Nd7 20. Bb2 O-O-O 21. Qe4
Nc5 22. Qc4 Nd7 23. Qe4 Qb6 24. Nd2 Bf8 25. Nc4 Qa7 26. Nd6+ Bxd6 27. exd6 Nc5
28. Qc4 Rhg8 29. Bd4 b6 30. c3 Kd7 1-0

[Event "Budapest-ch rap"]
[Site "Budapest"]
[Date "1996.??.??"]
[Round "?"]
[White "Balogh, Csaba"]
[Black "Adorjan, Andras"]
[Result "0-1"]
[WhiteElo "2325"]
[BlackElo "2415"]
[PlyCount "56"]
[EventDate "1996.??.??"]
[EventType "swiss"]
[EventRounds "7"]
[EventCountry "HUN"]
[Source "ChessBase"]
[SourceDate "2005.11.24"]
[WhiteTeamCountry "RUS"]
[BlackTeamCountry "HUN"]

1. e4 c5 2. Nf3 d6 3. d4 cxd4 4. Nxd4 Nf6 5. Nc3 a6 6. Be3 e5 7. Nb3 Be6 8. f3
Nbd7 9. Qd2 b5 10. O-O-O Nb6 11. Na5 Qc7 12. Qf2 Nfd7 13. Kb1 Be7 14. Nd5 Nxd5
15. exd5 Bxd5 16. Rxd5 Qxa5 17. g3 Qc7 18. Bh3 Nf6 19. Rd3 O-O 20. f4 b4 21.
fxe5 dxe5 22. g4 Rab8 23. g5 Ne4 24. Qe1 Bc5 25. Rd7 Qa5 26. Bxc5 Nxc5 27. Rd5
Qb6 28. Rxe5 Na4 0-1

[Event "Budapest-ch rap"]
[Site "Budapest"]
[Date "1996.??.??"]
[Round "?"]
[White "Eros, Gyorgy"]
[Black "Adorjan, Andras"]
[Result "1/2-1/2"]
[WhiteElo "2395"]
[BlackElo "2415"]
[PlyCount "57"]
[EventDate "1996.??.??"]
[EventType "swiss"]
[EventRounds "7"]
[EventCountry "HUN"]
[Source "ChessBase"]
[SourceDate "2005.11.24"]
[WhiteTeamCountry "RUS"]
[BlackTeamCountry "HUN"]

1. Nf3 c5 2. c4 Nc6 3. Nc3 g6 4. d4 cxd4 5. Nxd4 Bg7 6. Nc2 Nf6 7. g3 O-O 8.
Bg2 d6 9. O-O Qa5 10. Bd2 Qh5 11. e4 Qxd1 12. Rfxd1 Ne5 13. Ne3 Be6 14. Ncd5
Bxd5 15. exd5 Nfg4 16. Rac1 Nxe3 17. Bxe3 Ng4 18. Bg5 Bxb2 19. Rb1 Bf6 20. Bxf6
Nxf6 21. Rxb7 Rfc8 22. Bf1 Kf8 23. Re1 Ng8 24. Reb1 Rc5 25. R1b5 Rcc8 26. Ra5
Nf6 27. Raxa7 Rxa7 28. Rxa7 Ne4 29. a4 1/2-1/2

[Event "Budapest-ch rap"]
[Site "Budapest"]
[Date "1996.??.??"]
[Round "?"]
[White "Kalman, Laszlo"]
[Black "Adorjan, Andras"]
[Result "0-1"]
[WhiteElo "2010"]
[BlackElo "2415"]
[PlyCount "58"]
[EventDate "1996.??.??"]
[EventType "swiss"]
[EventRounds "7"]
[EventCountry "HUN"]
[Source "ChessBase"]
[SourceDate "2005.11.24"]
[WhiteTeamCountry "RUS"]
[BlackTeamCountry "HUN"]

1. d4 Nf6 2. Nf3 g6 3. Bg5 Bg7 4. Nbd2 d5 5. e3 O-O 6. Bd3 c5 7. c3 b6 8. O-O
Bb7 9. Qe2 Nbd7 10. Ne5 Nxe5 11. dxe5 Ne4 12. f4 Nxg5 13. fxg5 Bxe5 14. h4 Qc7
15. Nf3 Bg7 16. h5 Qg3 17. hxg6 fxg6 18. e4 e6 19. Rae1 Rae8 20. Qd2 Qc7 21.
Qf2 d4 22. Qh4 dxc3 23. Qh3 cxb2 24. Nh4 c4 25. Bc2 Qc5+ 26. Kh1 Qxg5 27. Rxf8+
Rxf8 28. Nf3 Qh6 29. Nh4 g5 0-1

[Event "HUN-chT 9697"]
[Site "Hungary"]
[Date "1996.??.??"]
[Round "1"]
[White "Groszpeter, Attila"]
[Black "Adorjan, Andras"]
[Result "1/2-1/2"]
[WhiteElo "2565"]
[BlackElo "2525"]
[PlyCount "29"]
[EventDate "1996.??.??"]
[EventType "team"]
[EventRounds "12"]
[EventCountry "HUN"]
[Source "ChessBase"]
[SourceDate "2005.11.24"]
[WhiteTeam "Csuti"]
[BlackTeam "Balatonalmadi"]
[WhiteTeamCountry "HUN"]
[BlackTeamCountry "HUN"]

1. e4 c5 2. Nf3 d6 3. d4 cxd4 4. Nxd4 Nf6 5. Nc3 a6 6. Be2 e6 7. O-O Be7 8. a4
Nc6 9. Be3 O-O 10. f4 Qc7 11. Kh1 Re8 12. Bf3 Rb8 13. Bg1 Nxd4 14. Qxd4 e5 15.
Qa7 1/2-1/2

[Event "HUN-chT 9697"]
[Site "Hungary"]
[Date "1996.??.??"]
[Round "3"]
[White "Adorjan, Andras"]
[Black "Fogarasi, Tibor"]
[Result "1/2-1/2"]
[WhiteElo "2525"]
[BlackElo "2500"]
[PlyCount "33"]
[EventDate "1996.??.??"]
[EventType "team"]
[EventRounds "12"]
[EventCountry "HUN"]
[Source "ChessBase"]
[SourceDate "2005.11.24"]
[WhiteTeam "Balatonalmadi"]
[BlackTeam "Statisztika"]
[WhiteTeamCountry "HUN"]
[BlackTeamCountry "HUN"]

1. e4 Nf6 2. e5 Nd5 3. g3 d6 4. exd6 exd6 5. Bg2 Nf6 6. Nf3 Be7 7. O-O d5 8.
Re1 O-O 9. d4 c6 10. c3 a5 11. a4 Bf5 12. Qb3 Ra7 13. Nbd2 Nbd7 14. Nf1 Bd6 15.
Ne3 Be4 16. Qd1 Re8 17. Bh3 1/2-1/2

[Event "HUN-chT 9697"]
[Site "Hungary"]
[Date "1996.??.??"]
[Round "4"]
[White "Erdelyi, Tamas"]
[Black "Adorjan, Andras"]
[Result "1/2-1/2"]
[WhiteElo "2270"]
[BlackElo "2525"]
[PlyCount "71"]
[EventDate "1996.??.??"]
[EventType "team"]
[EventRounds "12"]
[EventCountry "HUN"]
[Source "ChessBase"]
[SourceDate "2005.11.24"]
[WhiteTeam "DUTEP"]
[BlackTeam "Balatonalmadi"]
[WhiteTeamCountry "HUN"]
[BlackTeamCountry "HUN"]

1. c4 Nf6 2. Nf3 g6 3. Nc3 Bg7 4. g3 O-O 5. Bg2 c5 6. d4 cxd4 7. Nxd4 Nc6 8.
Nc2 d6 9. O-O Qa5 10. Qd2 Bd7 11. b3 Rfc8 12. Bb2 Qh5 13. Ne3 Bh6 14. f4 Qa5
15. Kh1 Bg7 16. Rfd1 Rab8 17. a3 Ng4 18. Nxg4 Bxg4 19. Nd5 Qxd2 20. Rxd2 Be6
21. Bxg7 Kxg7 22. b4 b6 23. Ne3 a5 24. Rb1 axb4 25. axb4 b5 26. Bxc6 Rxc6 27.
cxb5 Rxb5 28. Kg2 g5 29. Kf2 h6 30. Rbb2 Kf8 31. Nc2 Rcb6 32. e4 Ke8 33. f5 Bd7
34. Rd4 Ra6 35. Ne3 Bc6 36. f6 1/2-1/2

[Event "HUN-chT 9697"]
[Site "Hungary"]
[Date "1997.??.??"]
[Round "7"]
[White "Adorjan, Andras"]
[Black "Szekely, Peter"]
[Result "1/2-1/2"]
[WhiteElo "2525"]
[BlackElo "2435"]
[PlyCount "23"]
[EventDate "1996.??.??"]
[EventType "team"]
[EventRounds "12"]
[EventCountry "HUN"]
[Source "ChessBase"]
[SourceDate "2005.11.24"]
[WhiteTeam "Balatonalmadi"]
[BlackTeam "Postas"]
[WhiteTeamCountry "HUN"]
[BlackTeamCountry "HUN"]

1. e4 c5 2. Nf3 d6 3. d4 cxd4 4. Nxd4 Nf6 5. Nc3 a6 6. f4 e5 7. Nf3 Qc7 8. a4
Be7 9. Bd3 Nc6 10. O-O Nb4 11. Qe1 O-O 12. Kh1 1/2-1/2

[Event "HUN-chT 9697"]
[Site "Hungary"]
[Date "1997.??.??"]
[Round "9"]
[White "Bilek, Istvan"]
[Black "Adorjan, Andras"]
[Result "1/2-1/2"]
[WhiteElo "2405"]
[BlackElo "2525"]
[PlyCount "50"]
[EventDate "1996.??.??"]
[EventType "team"]
[EventRounds "12"]
[EventCountry "HUN"]
[Source "ChessBase"]
[SourceDate "2005.11.24"]
[WhiteTeam "Vasas"]
[BlackTeam "Balatonalmadi"]
[WhiteTeamCountry "HUN"]
[BlackTeamCountry "HUN"]

1. c4 b6 2. Nf3 Bb7 3. g3 c5 4. Bg2 g6 5. O-O Bg7 6. d3 Nf6 7. Nc3 O-O 8. e4
Nc6 9. h3 Ne8 10. Be3 Nd4 11. Nh4 Nd6 12. f4 e6 13. Ne2 Nxe2+ 14. Qxe2 f5 15.
e5 Bxg2 16. Kxg2 Nf7 17. Nf3 Qc7 18. d4 d6 19. Rad1 cxd4 20. Bxd4 dxe5 21. Bxe5
Bxe5 22. Nxe5 Nxe5 23. fxe5 Rfd8 24. b3 Rxd1 25. Rxd1 Rd8 1/2-1/2

[Event "HUN-chT 9697"]
[Site "Hungary"]
[Date "1997.??.??"]
[Round "10"]
[White "Csom, Istvan"]
[Black "Adorjan, Andras"]
[Result "1/2-1/2"]
[WhiteElo "2430"]
[BlackElo "2525"]
[PlyCount "40"]
[EventDate "1996.??.??"]
[EventType "team"]
[EventRounds "12"]
[EventCountry "HUN"]
[Source "ChessBase"]
[SourceDate "2005.11.24"]
[WhiteTeam "Hajduszoboszlo"]
[BlackTeam "Balatonalmadi"]
[WhiteTeamCountry "HUN"]
[BlackTeamCountry "HUN"]

1. b3 e5 2. Bb2 Nc6 3. c4 g6 4. g3 Nge7 5. Bg2 d5 6. cxd5 Nxd5 7. Nc3 Be6 8.
Nf3 Bg7 9. O-O O-O 10. Rc1 Re8 11. d3 Nxc3 12. Bxc3 Nd4 13. Ba5 b6 14. Nxd4
exd4 15. Bd2 Rc8 16. Bb7 Rb8 17. Bc6 Bd7 18. Bf4 Be5 19. Qd2 Bxc6 20. Rxc6 Qd5
1/2-1/2